000
00445nam a2200145Ia 4500
008
151213s9999 xx 000 0 und d
100
_a
আল মাহমুদ।
245
_a
এক চক্ষ হরিণ।
_c
আল মাহমুদ।
260
_a
ঢাকা।
_b
শিল্পতরু।
_c
1992
300
_a
8664 p.
650
_a
Bangla
650
_a
গল্প।
700
_a
আল মাহমুদ।
999
_c
4450
_d
4450